[Event "Porto San Giorgio op 23rd"]
[White "Zamengo, Bruno"]
[Black "Cornaggia, Ranieri"]
[Site "Porto San Giorgio"]
[Round "6"]
[Result "0-1"]
[Date "2011.08.25"]
[WhiteElo "1936"]
[BlackElo "2079"]
[PlyCount "88"]
[EventDate "2011.08.21"]
[EventType "swiss"]
[EventRounds "9"]
[EventCountry "ITA"]
[SourceTitle "CBM 144 Extra"]
[Source "ChessBase"]
[SourceDate "2011.10.28"]
[SourceVersion "1"]
[SourceVersionDate "2011.10.28"]
[SourceQuality "1"]

1. e4 e5 2. Nf3 Nc6 3. Bb5 a6 4. Ba4 Nge7 5. c3 d6 6. d4 Bd7 7. Nbd2 Ng6 8. 0-0 Be7 9. Re1 h6 10. Nf1 Bg5 11. Bxc6 Bxc6 12. dxe5 Bxc1 13. Rxc1 dxe5 14. Qc2 0-0 15. Ne3 Qc8 16. Nf5 Qe6 17. b3 Nf4 18. c4 Kh7 19. Red1 g6 20. Ne3 f5 21. exf5 gxf5 22. Nd5 Rg8 23. g3 Nh3+ 24. Kf1 Rg7 25. Re1 e4 26. Rcd1 Re8 27. Ng1 f4 28. Kg2 f3+ 29. Kh1 Ng5 30. Nf4 Qf5 31. Rd2 Kg8 32. Red1 Rge7 33. Nd5 Rf7 34. Ne3 Qe6 35. Qc3 h5 36. h4 Nh3 37. Kh2 Nxg1 38. Rxg1 Bd7 39. Rh1 Qh3+ 40. Kg1 Qe6 41. Rd5 Qh6 42. Qa5 Bg4 43. Kh2 c6 44. Rhd1 cxd5 0-1

[Event "Robecchetto op-A 21th"]
[White "Cornaggia, Ranieri"]
[Black "Giretti Kanev, Jasen"]
[Site "Robecchetto"]
[Round "4"]
[Result "1/2-1/2"]
[Date "2010.12.29"]
[WhiteElo "2055"]
[BlackElo "2185"]
[PlyCount "120"]
[EventDate "2010.12.27"]
[EventType "swiss"]
[EventRounds "6"]
[EventCountry "ITA"]
[SourceTitle "EXT 2024"]
[Source "ChessBase"]
[SourceDate "2023.10.10"]
[SourceVersion "1"]
[SourceVersionDate "2023.10.10"]
[SourceQuality "1"]

1. e4 c6 2. d4 d5 3. Nc3 dxe4 4. Nxe4 Nf6 5. Ng3 h5 6. h4 Bg4 7. Be2 e6 8. Bg5 Qb6 9. Bxg4 hxg4 10. N1e2 Nbd7 11. c3 0-0-0 12. Qc2 Be7 13. 0-0-0 Rhe8 14. Nf4 Qa5 15. Kb1 Nd5 16. Bxe7 Rxe7 17. Nxd5 cxd5 18. Rhe1 Nf6 19. Re5 Rc7 20. c4 Nd7 21. Rg5 g6 22. Qe2 Nb6 23. c5 Nc4 24. Ne4 b6 25. cxb6 Qxb6 26. Nc5 Na3+ 27. Ka1 Nb5 28. Rxg4 Nxd4 29. Qa6+ Qxa6 30. Nxa6 Rc6 31. Rgxd4 Rxa6 32. b4 Kd7 33. Kb2 Rc8 34. Kb3 Rac6 35. R4d3 Rc4 36. g3 a5 37. a3 axb4 38. axb4 R8c7 39. Ra1 Rb7 40. Ra4 Rc1 41. Rd2 Kd6 42. Rb2 Ke5 43. Ka2 d4 44. b5 Rc5 45. b6 Kd5 46. Kb1 e5 47. Ra7 Kc6 48. Ra8 Rb5 49. Rxb5 Kxb5 50. Re8 Rxb6 51. Rxe5+ Kc4+ 52. Kc2 d3+ 53. Kc1 Ra6 54. Re8 Ra1+ 55. Kd2 Ra2+ 56. Ke1 f5 57. Re6 Ra1+ 58. Kd2 Ra2+ 59. Ke1 Ra1+ 60. Kd2 Ra2+ 1/2-1/2

[Event "Imperia op-A 52th"]
[White "Angelini, Marco"]
[Black "Cornaggia, Ranieri"]
[Site "Imperia"]
[Round "8"]
[Result "0-1"]
[Date "2010.09.04"]
[WhiteElo "2103"]
[BlackElo "1994"]
[PlyCount "52"]
[EventDate "2010.08.29"]
[EventType "swiss"]
[EventRounds "9"]
[EventCountry "ITA"]
[SourceTitle "EXT 2024"]
[Source "ChessBase"]
[SourceDate "2023.10.10"]
[SourceVersion "1"]
[SourceVersionDate "2023.10.10"]
[SourceQuality "1"]

1. e4 e5 2. Nf3 Nc6 3. d4 exd4 4. Nxd4 Bc5 5. Be3 Qf6 6. c3 Nge7 7. Bc4 d6 8. 0-0 Ne5 9. Be2 Qg6 10. f3 0-0 11. Kh1 Bb6 12. a4 c6 13. Bg1 f5 14. exf5 Bxf5 15. Nxf5 Nxf5 16. Bxb6 axb6 17. Qb3+ Kh8 18. Qxb6 c5 19. Nd2 Qh6 20. Ne4 Ng6 21. Rfd1 Rae8 22. Rxd6 Rxe4 23. Rxg6 hxg6 24. Qxc5 Ng3+ 25. Kg1 Nxe2+ 26. Kf1 Ree8 0-1

[Event "Imperia op-A 52th"]
[White "Cornaggia, Ranieri"]
[Black "Van Hoolandt, Patrick"]
[Site "Imperia"]
[Round "3"]
[Result "1-0"]
[Date "2010.08.31"]
[WhiteElo "1994"]
[BlackElo "2171"]
[PlyCount "81"]
[EventDate "2010.08.29"]
[EventType "swiss"]
[EventRounds "9"]
[EventCountry "ITA"]
[SourceTitle "EXT 2024"]
[Source "ChessBase"]
[SourceDate "2023.10.10"]
[SourceVersion "1"]
[SourceVersionDate "2023.10.10"]
[SourceQuality "1"]

1. e4 e5 2. Nf3 Nc6 3. Bb5 Nf6 4. 0-0 Nxe4 5. d4 Nd6 6. Bxc6 dxc6 7. Nxe5 Nf5 8. Re1 Be6 9. Qh5 g6 10. Nxg6 hxg6 11. Qxh8 Qxd4 12. Qh3 0-0-0 13. Nc3 Bd6 14. Be3 Qg7 15. Ne4 Be5 16. Rad1 Rh8 17. Bg5 Nd4 18. Qe3 b5 19. f4 Bc4 20. Qd2 Qh7 21. fxe5 Qxh2+ 22. Kf2 Ne6 23. Rh1 Qxe5 24. Rxh8+ Qxh8 25. Qd7+ Kb7 26. Nd6+ Kb6 27. Nxc4+ bxc4 28. Be3+ Kb7 29. Qxf7 Qh4+ 30. Kg1 Qe4 31. Qf3 Qxc2 32. Rc1 Qxb2 33. Qe4 Nc5 34. Qxc4 Na6 35. Qb3+ Qxb3 36. axb3 Nb4 37. Rc4 Nd5 38. Kf2 a5 39. Bd2 Kb6 40. Rg4 Nf6 41. Rxg6 1-0

[Event "Imperia op-A 52th"]
[White "Morselli, Stefano"]
[Black "Cornaggia, Ranieri"]
[Site "Imperia"]
[Round "2"]
[Result "0-1"]
[Date "2010.08.30"]
[WhiteElo "1924"]
[BlackElo "1994"]
[PlyCount "52"]
[EventDate "2010.08.29"]
[EventType "swiss"]
[EventRounds "9"]
[EventCountry "ITA"]
[SourceTitle "EXT 2024"]
[Source "ChessBase"]
[SourceDate "2023.10.10"]
[SourceVersion "1"]
[SourceVersionDate "2023.10.10"]
[SourceQuality "1"]

1. g3 g6 2. Bg2 Bg7 3. Nf3 e5 4. d3 d6 5. 0-0 Nh6 6. Nc3 0-0 7. e4 c6 8. Bd2 Na6 9. Qc1 Ng4 10. h3 Nf6 11. Nh4 Nc7 12. f4 Nh5 13. f5 Nxg3 14. Rf3 Nh5 15. fxg6 fxg6 16. Bg5 Qe8 17. Qd2 Ne6 18. Bh6 Bd7 19. Raf1 Qe7 20. Bxg7 Kxg7 21. Nf5+ gxf5 22. exf5 Nef4 23. Ne2 Rxf5 24. Re1 Qg5 25. Nxf4 Nxf4 26. Qf2 Nxh3+ 0-1

[Event "Imperia op-A 51st"]
[White "Cornaggia, Ranieri"]
[Black "Singeisen, Hermann"]
[Site "Imperia"]
[Round "6"]
[Result "1/2-1/2"]
[Date "2009.09.03"]
[WhiteElo "1933"]
[BlackElo "2116"]
[PlyCount "64"]
[EventDate "2009.08.30"]
[EventType "swiss"]
[EventRounds "9"]
[EventCountry "ITA"]
[SourceTitle "EXT 2011"]
[Source "ChessBase"]
[SourceDate "2010.11.26"]
[SourceVersion "1"]
[SourceVersionDate "2010.11.26"]
[SourceQuality "1"]

1. e4 c5 2. Nf3 d6 3. d4 cxd4 4. Nxd4 Nf6 5. Nc3 a6 6. Be3 e6 7. f3 e5 8. Nb3 Be6 9. Qd2 Nbd7 10. 0-0-0 Be7 11. g3 Nb6 12. h4 Rc8 13. h5 h6 14. Be2 Nc4 15. Bxc4 Rxc4 16. Rhg1 b5 17. Kb1 b4 18. Nd5 Bxd5 19. exd5 a5 20. Qd3 Rc8 21. Qb5+ Qd7 22. Qxd7+ Kxd7 23. Nxa5 Rb8 24. Nc4 Rb5 25. f4 exf4 26. Bxf4 Rc8 27. Rd4 Rcc5 28. Ne3 Nxd5 29. Nxd5 Rxd5 30. Rgd1 Rxd4 31. Rxd4 d5 32. Bd2 Ke6 1/2-1/2

[Event "Imperia op-A 51st"]
[White "Cornaggia, Ranieri"]
[Black "Faraci, Antonino"]
[Site "Imperia"]
[Round "4"]
[Result "0-1"]
[Date "2009.09.02"]
[WhiteElo "1933"]
[BlackElo "2009"]
[PlyCount "90"]
[EventDate "2009.08.30"]
[EventType "swiss"]
[EventRounds "9"]
[EventCountry "ITA"]
[SourceTitle "EXT 2011"]
[Source "ChessBase"]
[SourceDate "2010.11.26"]
[SourceVersion "1"]
[SourceVersionDate "2010.11.26"]
[SourceQuality "1"]

1. e4 c5 2. Nf3 d6 3. d4 cxd4 4. Nxd4 Nf6 5. Nc3 g6 6. Be3 Bg7 7. f3 0-0 8. Bc4 Nc6 9. Qd2 Bd7 10. 0-0-0 Qc8 11. Bb3 Ne5 12. h4 Nc4 13. Bxc4 Qxc4 14. Bh6 Rac8 15. h5 b5 16. hxg6 fxg6 17. Bxg7 Kxg7 18. Kb1 Rf7 19. Rhe1 b4 20. Nce2 a5 21. c3 e5 22. Nb3 a4 23. Na5 bxc3 24. Nxc3 Qa6 25. b4 axb3 26. Nxb3 Be6 27. Nd5 Nxd5 28. exd5 Bf5+ 29. Ka1 Rc2 30. Qa5 Qxa5 31. Nxa5 Ra7 32. g4 Rxa5 33. gxf5 Rcxa2+ 34. Kb1 gxf5 35. Rg1+ Kf6 36. Rh1 Ra1+ 37. Kc2 Rxd1 38. Rxd1 Kg5 39. Rd3 Kf4 40. Kd1 h5 41. Ke1 h4 42. Kf2 Ra2+ 43. Kf1 h3 44. Kg1 Rg2+ 45. Kh1 Rg3 0-1